| 000 | 01581nam a2200277Ia 4500 | ||
|---|---|---|---|
| 999 |
_c36419 _d36419 |
||
| 001 | 2333 | ||
| 003 | GE_BSU | ||
| 005 | 20190603160358.0 | ||
| 008 | 181216s2012||||ge |||||||||||||| ||geo|| | ||
| 020 | _a9789941174735 | ||
| 040 | _cGE_BSU | ||
| 041 | _ageo | ||
| 080 | _a338(479.22) ბ–25 | ||
| 100 |
_aბარათაშვილი, ევგენი _9734 |
||
| 245 |
_aსაქართველოს ეკონომიკის კონკურენტუნარიანობა : თანამედროვე გამოწვევები : _bმონოგრაფია / _cევგენი ბარათაშვილი, ბადრი გეჩბაია, ვლადიმერ ღლონტი ; რედ.: ეთერ ხარაიშვილი, ასიკო ცინცაძე. |
||
| 264 |
_aთბილისი : _bუნივერსალი, _c2012. |
||
| 300 |
_a205 გვ.; _b20 სმ. |
||
| 504 | _a ბიბლიოგრ. ტექსტის შენიშვნ. | ||
| 653 | _aსაქართველოს ეკონომიკა | ||
| 653 | _aკონკურენტუნარიანობა | ||
| 700 |
_aგეჩბაია, ბადრი _eავტორი _91999 |
||
| 700 |
_aღლონტი, ვლადიმერ _eავტორი _9907 |
||
| 700 |
_aხარაიშვილი, ეთერ _eრედაქტორი _92000 |
||
| 700 |
_aცინცაძე, ასიკო _eრედაქტორი _92001 |
||
| 942 |
_cBK _2udc |
||